000 00532nam a2200145 a 4500
008 120416s0000 ||||||||||||||||| || u
020 _a0521056969
050 _aQA 303 Max
100 _aMaxwell, E. A
245 1 3 _aAn analytical calculus for school and university vol. 1
260 _aCambridge
_bCambridge University Press
_c1966
300 _axii, 165p.
350 _a0.00
995 _D0.00
_FCBU-MAIN LIBRARY (Kitwe)
_H1
_I1.85
_M1
_UAVAILABLE
_ZAnnex Low-Usage Collection
999 _c34355
_d34355